[Event "Olympiad Women 2024"]
[Site "Budapest HUN"]
[Date "2024.09.14"]
[Round "4.67"]
[Board "2"]
[White "Nkwanyane Nolwazi"]
[Black "Ndirangu, Nyaruai"]
[Result "0-1"]
[WhiteElo "1542"]
[BlackElo "1782"]
[PlyCount "102"]
[EventDate "2024.09.11"]
[WhiteTeam "Eswatini"]
[BlackTeam "Kenya"]
[BlackTeamCountry "KEN"]

1. e4 c5 2. Nf3 g6 3. c3 d5 4. Bb5+ Bd7 5. Qa4 dxe4 6. Bxd7+ Qxd7 7. Qxe4 Nf6 8. Qe2 Nc6 9. O-O Bg7 10. Rd1 $146 ({RR} 10. Na3 O-O 11. Nc2 Ng4 12. h3 Nge5 13. Nfe1 Rad8 14. b3 Nd3 15. Qxd3 Qxd3 16. Nxd3 Rxd3 17. Rb1 Rfd8 18. a3 b5 19. Ne1 R3d7 20. Nf3 e5 21. Re1 f5 22. Re2 a5 23. Ne1 e4 24. f4 b4 {0-1 Redya,G-Petrov,A (2044) Bratsk Region-ch 2013 (3)}) ({RR} 10. Re1 O-O 11. Na3 e6 12. Rb1 Rfd8 13. b3 Nd5 14. Nc4 Nf4 15. Qe3 Nd3 16. Rd1 Qd5 17. Nb2 Qf5 18. Nxd3 Rxd3 19. Nh4 Qd5 20. c4 Qd6 21. Qe2 Rd8 22. Nf3 Qf4 23. Ne1 R3d7 24. Nf3 Qf5 {0-1 Lopez Guitian,J (1577)-Esteban Amo,J (1888) Madrid-ch Seniors 50 2019 (1)}) 10... O-O 11. d4 Rad8 12. d5 Nxd5 13. Bd2 Nf4 14. Qf1 Qg4 15. Bxf4 Rxd1 16. Qxd1 Qxf4 17. Nbd2 Rd8 18. Qe2 Bh6 19. Ne4 b6 20. Ng3 e5 21. Re1 f6 22. Qe4 Qxe4 23. Nxe4 f5 24. Neg5 e4 25. Ne6 Rd7 26. Nfg5 Rd2 27. Rb1 Ne5 28. Nh3 Nd3 29. g3 Nxb2 30. a4 Rd1+ 31. Rxd1 Nxd1 32. a5 Nxc3 33. axb6 axb6 34. Kf1 Bd2 35. Ng1 c4 36. Ne2 Nd5 37. N2d4 Nc3 38. Nc7 Kf7 39. Ndb5 Nxb5 40. Nxb5 Ke6 41. Ke2 c3 42. Kd1 Kd5 43. Na3 Kd4 44. Kc2 Be1 45. Nb5+ Kc4 46. Na3+ Kb4 47. Nb1 b5 48. h3 h6 49. g4 fxg4 50. hxg4 h5 51. gxh5 gxh5 0-1

[Event "Olympiad Women 2024"]
[Site "Budapest HUN"]
[Date "2024.09.14"]
[Round "4.67"]
[Board "3"]
[White "Mutisya, Jully"]
[Black "Dlamini Sincobile"]
[Result "1-0"]
[WhiteElo "1750"]
[BlackElo "1572"]
[PlyCount "47"]
[EventDate "2024.09.11"]
[WhiteTeam "Kenya"]
[BlackTeam "Eswatini"]
[WhiteTeamCountry "KEN"]

1. d4 Nf6 2. Bf4 e6 3. e3 d5 4. Nd2 Bd6 5. Bg3 b6 6. c3 O-O 7. Bd3 c5 8. Ngf3 Qc7 9. Ne5 Nbd7 10. f4 Bb7 11. Qf3 Rac8 $146 ({RR} 11... Rad8 12. Bh4 Be7 13. O-O a6 14. Qh3 Nxe5 15. fxe5 Ne4 16. Rf4 f5 17. exf6 Bxf6 18. Bxe4 dxe4 19. Qxe6+ Qf7 20. Qxf7+ Rxf7 21. Raf1 cxd4 22. cxd4 Rdf8 23. Bxf6 Rxf6 24. Rxf6 gxf6 25. Rf5 Kg7 26. Nc4 {½-½ Rudnicki,M (2163)-Peycheva,G (2218) Titled Tue 27th Jun Late 2023 (6)}) ({RR} 11... a5 12. O-O Ba6 13. Bxa6 Rxa6 14. e4 Nxe4 15. Nxe4 dxe4 16. Qxe4 f5 17. Qe2 Raa8 18. Nxd7 Qxd7 19. Rfe1 cxd4 20. cxd4 Rfe8 21. a3 Bc7 22. Rad1 Qd5 23. Kh1 Rac8 24. h3 h6 25. Rf1 Bd8 26. Bf2 {0-1 Stets,V (2190)-Doluhanova,E (2212) Bogdanovich Memorial Final blitz 2021 (13)}) 12. Bh4 cxd4 13. exd4 Rfe8 14. O-O g6 15. Rae1 Rf8 16. Qh3 Nh5 17. Re3 Nxe5 18. fxe5 Be7 19. Bf6 Bxf6 20. exf6 Kh8 21. g4 Nf4 22. Qh6 Rg8 23. Rxf4 e5 24. Rh3 1-0

[Event "Olympiad Women 2024"]
[Site "Budapest HUN"]
[Date "2024.09.14"]
[Round "4.67"]
[Board "4"]
[White "Nosimilo, Mkhonto"]
[Black "Karanja, Ether"]
[Result "0-1"]
[WhiteElo "1561"]
[BlackElo "1637"]
[PlyCount "130"]
[EventDate "2024.09.11"]
[WhiteTeam "Eswatini"]
[BlackTeam "Kenya"]
[BlackTeamCountry "KEN"]

1. e4 e6 2. Nf3 d5 3. exd5 exd5 4. d4 Nf6 5. Bd3 Be7 6. c3 ({RR} 6. Bf4 Bg4 7. Nbd2 O-O 8. h3 Bh5 9. O-O Bd6 10. Bxd6 Qxd6 11. c3 b6 12. Qc2 Bxf3 13. Nxf3 c5 14. dxc5 bxc5 15. Rad1 Nbd7 16. Rfe1 Rab8 17. Bf5 Nb6 18. c4 g6 {½-½ Petrisor,A (2372)-Szabo,G (2559) Arad op 10th 2017 (3)}) 6... Nbd7 $146 ({RR} 6... Bg4 7. Nbd2 O-O 8. O-O c5 9. dxc5 Bxc5 10. Nb3 Bb6 11. Bg5 Nc6 12. Re1 Qd6 13. h3 Bh5 14. Nbd2 Kh8 15. Qa4 Bg6 16. Bf4 Qd7 17. Bb5 Ne4 18. Nxe4 Bxe4 19. Nd4 Rac8 20. Rad1 Bxd4 21. Qxd4 {0-1 Stukenbrok,N (2111)-Izrailev,A (2313) Lippe Cup-A 08th 2011 (2)}) ({RR} 6... Bg4 7. Qc2 a6 8. Be3 Bxf3 9. gxf3 h6 10. Nd2 Nbd7 11. O-O-O b5 12. Kb1 c5 13. dxc5 Nxc5 14. Rde1 Nxd3 15. Qxd3 Qc7 16. Qe2 Kf8 17. Rhg1 Re8 18. Qf1 Nh5 19. Qh3 Nf4 20. Qg4 Ng6 21. f4 {1-0 Chocala,T (1241)-Romano,F (1341) Buenos Aires Masters 2023 (5.30)}) ({RR} 6... h6 7. Be3 Nc6 8. h3 a6 9. Nbd2 Bd7 10. Qc2 Bd6 11. O-O-O b5 12. Nb3 Be6 13. Nc5 Bxc5 14. dxc5 Nd7 15. Bf5 Qf6 16. Bxe6 fxe6 17. Nd4 Ne7 18. Nb3 Nf5 19. Rhe1 Nxe3 20. Rxe3 O-O 21. Rf3 {½-½ Jackson,R-Matthews,S Kingston New Year op 2000 (1.6)}) 7. Nbd2 b6 8. Nf1 Bb7 9. Ng3 c5 10. O-O O-O 11. Nf5 Ne4 12. Nxe7+ Qxe7 13. Re1 Qd6 14. Ng5 Ndf6 15. f3 Nxg5 16. Bxg5 cxd4 17. cxd4 Rfe8 18. Qd2 h6 19. Bf4 Qd7 20. Be5 Nh7 21. Qc2 Ng5 22. Bf5 Ne6 23. Qf2 Qe7 24. Bxe6 fxe6 25. Qg3 Rac8 26. Rac1 Ba6 27. Bf4 Qf6 28. Be5 Qf7 29. a3 Bd3 30. Rc3 Rxc3 31. bxc3 Rc8 32. Rc1 Qg6 33. Qxg6 Bxg6 34. Kf2 Kf7 35. Ke3 Rc4 36. Kd2 a6 37. Ra1 b5 38. Bc7 Rxc7 39. h4 h5 40. g4 Kf6 41. Re1 hxg4 42. fxg4 Be4 43. Rf1+ Ke7 44. g5 Rc8 45. h5 Rf8 46. Rxf8 Kxf8 47. Ke3 Kf7 48. Kf4 Bf5 49. Ke5 Ke7 50. Kf4 Bc2 51. h6 gxh6 52. gxh6 Kf6 53. Kg4 Kg6 54. Kf4 Kxh6 55. Ke5 Bf5 56. Kd6 Kg5 57. Kc5 Kf4 58. Kb4 Ke3 59. Ka5 Kd3 60. Kxa6 Kxc3 61. Kxb5 Kxd4 62. a4 Bd3+ 63. Kb4 e5 64. a5 e4 65. a6 Bxa6 0-1

[Event "Olympiad Women 2024"]
[Site "Budapest HUN"]
[Date "2024.09.14"]
[Round "4.68"]
[Board "2"]
[White "Marcos, Taqesyah"]
[Black "Recica, Jona"]
[Result "0-1"]
[WhiteElo "1679"]
[BlackElo "1791"]
[PlyCount "100"]
[EventDate "2024.09.11"]
[WhiteTeam "Netherlands Antilles"]
[BlackTeam "Kosovo"]
[WhiteTeamCountry "AHO"]
[BlackTeamCountry "KOS"]

1. e3 e5 2. b3 d5 3. Bb2 Bd6 4. Nf3 Nc6 5. Bb5 f6 6. Bxc6+ bxc6 7. d3 Ne7 8. Nbd2 ({RR} 8. h3 O-O 9. O-O Ng6 10. Nbd2 f5 11. e4 Nf4 12. Nxe5 Qg5 13. Qf3 fxe4 14. h4 exf3 15. hxg5 fxg2 16. Rfe1 Nh3+ 17. Kxg2 Rxf2+ 18. Kh1 Rxd2 19. Re3 Rxc2 20. Bd4 c5 21. Nc6 cxd4 22. Re8+ Kf7 {0-1 King Rodriguez,O (2005)-Jegorovas,A (2270) Titled Tue 16th Jul Late 2024 (6)}) 8... O-O 9. c4 $146 ({RR} 9. O-O Bg4 10. Qc1 Ng6 11. c4 Qe7 12. Qc2 f5 13. c5 Bxc5 14. Nxe5 Nxe5 15. Bxe5 Bxe3 16. Bxg7 Bxf2+ 17. Rxf2 Qxg7 18. Rc1 Rf6 19. Nf3 Re6 20. Nd4 Qxd4 21. h3 Re2 22. Qc5 Qxf2+ 23. Qxf2 Rxf2 {0-1 Potvin,D (1684)-Adriannse,A (1907) Gatineau op 2013 (5)}) ({RR} 9. e4 Bg4 10. h3 Bh5 11. g4 Bf7 12. g5 Bh5 13. gxf6 Rxf6 14. Rg1 Ng6 15. Rg5 Bxf3 16. Nxf3 Rxf3 17. Rxg6 Rxh3 18. Rxg7+ Kxg7 19. Qg4+ Kh8 20. Qxh3 Qg5 21. Ke2 Rf8 22. Rh1 Rf7 23. Qh5 Qxh5+ {0-1 Wojcikiewicz,D (1443)-Sawicki,W (1740) Warsaw YMCA Summer-B 94th 2011 (4)}) 9... Bb4 10. O-O Bf5 11. Ne1 Qd7 12. Ndf3 Rfd8 13. Qc1 Ng6 14. a3 Be7 15. Nd2 Kh8 16. e4 Nf4 17. Qc2 dxe4 18. Nxe4 Nxd3 19. f3 Bxe4 20. fxe4 Bc5+ 21. Kh1 Nxb2 22. Qxb2 Bd4 23. Qb1 Bxa1 24. Qxa1 Qd4 25. Qb1 Rab8 26. Nc2 Qxe4 27. Nb4 Qxb1 28. Rxb1 c5 29. Nd5 c6 30. Ne7 Rxb3 31. Rf1 Rd6 32. h3 Rxa3 33. Rb1 h5 34. Rb7 e4 35. Nf5 Re6 36. Nxg7 Ra1+ 37. Kh2 e3 38. Nxe6 e2 39. Rb8+ Kh7 40. Rb7+ Kh6 41. Nf8 e1=Q 42. Rh7+ Kg5 43. Rg7+ Kf5 44. Nd7 Qg1+ 45. Kg3 Ra3+ 46. Kh4 Qe1+ 47. g3 Qe4+ 48. g4+ hxg4 49. hxg4+ Kf4 50. Kh5 Rh3# 0-1

[Event "Olympiad Women 2024"]
[Site "Budapest HUN"]
[Date "2024.09.14"]
[Round "4.68"]
[Board "3"]
[White "Saraci, Rinesa"]
[Black "Pourier, Dianthely"]
[Result "1-0"]
[WhiteElo "1757"]
[BlackElo "1548"]
[PlyCount "89"]
[EventDate "2024.09.11"]
[WhiteTeam "Kosovo"]
[BlackTeam "Netherlands Antilles"]
[WhiteTeamCountry "KOS"]
[BlackTeamCountry "AHO"]

1. e4 c6 2. d4 d5 3. Nc3 dxe4 4. Nxe4 Nf6 5. Nxf6+ exf6 6. c3 Bd6 7. Bd3 O-O 8. Qc2 Re8+ 9. Ne2 g6 10. Be3 Nd7 11. O-O-O Qc7 12. h4 f5 13. h5 Nf6 14. hxg6 fxg6 15. Bg5 Ng4 16. Rdf1 Be7 $146 ({RR} 16... c5 17. Bb5 Bd7 18. Qb3+ Kg7 19. Rxh7+ Kxh7 20. Qf7+ Kh8 21. Bf6+ Nxf6 22. Qxf6+ Kh7 23. Rh1+ Bh2 24. g3 Bxb5 25. Rxh2+ Kg8 26. Rh8# {1-0 Strizak,N (2185)-Todorovic,O (2090) YUG-ch (Women) 1993 (9)}) 17. Qb3+ Kf8 18. Bf4 Qb6 19. Rxh7 Qxb3 20. axb3 Kg8 21. Rfh1 Bf6 22. Bg3 Re7 23. Bc4+ Be6 24. Bxe6+ Rxe6 25. Nf4 Re1+ 26. Rxe1 Kxh7 27. f3 Nh6 28. Kc2 Nf7 29. Re6 Kg7 30. Nd3 Nd8 31. Rd6 Be7 32. Rd7 Kf8 33. Ne5 Ke8 34. d5 cxd5 35. Rxd5 g5 36. Nc4 f4 37. Bf2 b6 38. Re5 Nf7 39. Re6 Kd7 40. Rxb6 Bd8 41. Rb7+ Ke6 42. Rxa7 Rb8 43. Bd4 Bf6 44. Ra6+ Kf5 45. Rxf6# 1-0

[Event "Olympiad Women 2024"]
[Site "Budapest HUN"]
[Date "2024.09.14"]
[Round "4.68"]
[Board "4"]
[White "Pieter, Liana"]
[Black "Saraci, Ndriqona"]
[Result "1/2-1/2"]
[WhiteElo "1619"]
[BlackElo "1656"]
[PlyCount "61"]
[EventDate "2024.09.11"]
[WhiteTeam "Netherlands Antilles"]
[BlackTeam "Kosovo"]
[WhiteTeamCountry "AHO"]
[BlackTeamCountry "KOS"]

1. d4 Nf6 2. Nf3 e6 3. e3 d5 4. b3 c5 5. Bb2 Nc6 6. Bd3 h6 ({RR} 6... b6 7. O-O Bb7 8. c4 dxc4 9. bxc4 Be7 10. Re1 O-O 11. Nbd2 Rc8 12. Rc1 Qc7 13. a3 Rfd8 14. Qc2 cxd4 15. exd4 Qf4 16. Ne4 Na5 17. Ne5 Bxe4 18. Bxe4 Bd6 19. Bd3 Bxe5 20. g3 Qxc1 21. Rxc1 {½-½ Kritz,L (2597)-Danielian,O (2515) Cappelle op 23rd 2007 (8)}) 7. Nbd2 $146 ({RR} 7. O-O a6 8. a3 b5 9. dxc5 Bxc5 10. b4 Bd6 11. Nbd2 e5 12. e4 d4 13. Re1 Bc7 14. Nf1 Bg4 15. h3 Bh5 16. Ng3 Bg6 17. Nh4 O-O 18. Bc1 Ne7 19. Bd2 Nd7 20. Qg4 Nf6 21. Qe2 Rb8 {1-0 Vandjija,Z (2133)-Marjanovic,M (1967) CRO-chT2 East 2014 (1.22)}) ({RR} 7. O-O cxd4 8. exd4 Be7 9. Nbd2 O-O 10. a3 b6 11. Ne5 Bb7 12. f4 Qc7 13. Kh1 g6 14. Rf3 Nxe5 15. fxe5 Ne8 16. Rg3 Ng7 17. Qg4 Nf5 18. Bxf5 exf5 19. Qxf5 Bc8 20. Qd3 Bf5 21. Qxf5 {1-0 Beshukov,A (1830)-Burger,A (1648) Innsbruck op-B 1st 2017 (8)}) ({RR} 7. O-O Bd6 8. Ne5 Qc7 9. f4 O-O 10. a3 cxd4 11. exd4 Qb6 12. Nxc6 Qxc6 13. Nd2 Qb6 14. Qe2 Bd7 15. Kh1 a6 16. Rab1 Qc7 17. g3 Bc6 18. h3 Ne4 19. Nxe4 dxe4 20. Bxe4 f5 21. Bxc6 Qxc6+ {1-0 Hartmann,A-Chilton,E Malente Silent op 2004 (7)}) 7... Nb4 8. Be2 Be7 9. a3 Nc6 10. c4 O-O 11. O-O a5 12. Ne5 Nxe5 13. dxe5 Ne4 14. Nxe4 dxe4 15. a4 b6 16. Qc2 Bb7 17. f3 exf3 18. Bxf3 Qc7 19. Rad1 Rad8 20. Qe2 Rxd1 21. Rxd1 Bxf3 22. Qxf3 Rd8 23. Kf2 Rxd1 24. Qxd1 Qc6 25. Qd3 Bh4+ 26. g3 Be7 27. e4 Qe8 28. h3 Qc6 29. h4 h5 30. Kf3 g5 31. hxg5 1/2-1/2

[Event "Olympiad Women 2024"]
[Site "Budapest HUN"]
[Date "2024.09.14"]
[Round "4.69"]
[Board "1"]
[White "Callender, Jessica"]
[Black "Strade, Arita"]
[Result "0-1"]
[WhiteElo "1579"]
[BlackElo "1946"]
[PlyCount "54"]
[EventDate "2024.09.11"]
[WhiteTeam "Guyana"]
[BlackTeam "Guernsey"]
[WhiteTeamCountry "GUY"]

1. Nf3 Nf6 2. g3 b5 3. Bg2 Bb7 4. O-O g6 5. d3 Bg7 6. e4 d6 7. Be3 $146 ({RR} 7. a4 b4 8. Nbd2 O-O 9. Nc4 Nbd7 10. Na5 Rb8 11. Nxb7 Rxb7 12. e5 dxe5 13. Nxe5 Rb6 14. Nc6 Rxc6 15. Bxc6 Ne5 16. Bg2 a5 17. d4 Nc4 18. Qd3 Nb6 19. Be3 Nfd5 20. Qb5 Qd6 21. Qxa5 Nxe3 {1-0 Frota Junior,G-Chaves,M Fortaleza op 1994 (5)}) ({RR} 7. Nc3 b4 8. Ne2 O-O 9. h3 a5 10. g4 c5 11. Ng3 Nc6 12. Rb1 Nd7 13. Be3 a4 14. a3 bxa3 15. bxa3 Ba6 16. Qd2 c4 17. Rfd1 cxd3 18. cxd3 Nce5 19. Nxe5 Nxe5 20. Qe2 Rb8 21. Rxb8 Qxb8 {0-1 Gukesh,D (2725)-Carlsen,M (2859) chess.com SpeedChess 2022 (1.21)}) ({RR} 7. c3 O-O 8. Qb3 a5 9. a4 c6 10. Na3 Nbd7 11. axb5 Nc5 12. Qc2 cxb5 13. Nxb5 a4 14. Be3 Nb3 15. Rad1 e5 16. Nd2 Bc6 17. Na3 Qb8 18. h3 Qb7 19. Nac4 Rfd8 20. Bb6 Nxd2 21. Qxd2 Rd7 {1-0 Zavala Galindo,A (1870)-Denning,J (1741) Olympiad Women 2024 (6.46)}) ({RR} 7. Nc3 b4 8. Ne2 c5 9. a3 a5 10. axb4 axb4 11. Rxa8 Bxa8 12. h3 c4 13. Nd2 cxd3 14. cxd3 O-O 15. f4 Nbd7 16. Kh2 Nc5 17. Nb3 Nfd7 18. Qc2 Nxb3 19. Qxb3 Nc5 20. Qc4 Bb7 21. Qxb4 Ba6 {½-½ Doluhanova,E (2208)-Vozovic,O (2355) Kharkov op 2007 (8)}) 7... O-O 8. Nbd2 Nbd7 9. h3 c5 10. Nh2 d5 11. Nb3 Qc7 12. Bf4 e5 13. Bg5 dxe4 14. dxe4 Bxe4 15. Qe2 Bxg2 16. Kxg2 Qc6+ 17. Kg1 e4 18. Rfe1 Rfe8 19. Rad1 a5 20. Ng4 Nxg4 21. Qxg4 Ne5 22. Qf4 Nf3+ 23. Kf1 Nxe1 24. Rxe1 e3 25. Kg1 f6 26. Bh6 g5 27. Bxg5 fxg5 0-1

[Event "Olympiad Women 2024"]
[Site "Budapest HUN"]
[Date "2024.09.14"]
[Round "4.69"]
[Board "2"]
[White "Nevska, Gerda"]
[Black "Shariff, Sasha Christina"]
[Result "1-0"]
[WhiteElo "1892"]
[BlackElo "1538"]
[PlyCount "47"]
[EventDate "2024.09.11"]
[WhiteTeam "Guernsey"]
[BlackTeam "Guyana"]
[BlackTeamCountry "GUY"]

1. c4 e5 2. Nc3 Nf6 3. e4 Bb4 4. d3 O-O 5. f4 ({RR} 5. Nf3 d6 6. h3 Nc6 7. Be2 Be6 8. O-O Nd7 9. Nd5 Bc5 10. Rb1 a5 11. a3 a4 12. Nc3 Nb6 13. Kh1 Nd4 14. Nxd4 Bxd4 15. Nb5 Bc5 16. f4 f5 17. Bf3 c6 18. Nc3 Qd7 19. Qe2 Rae8 {0-1 Ynojosa Aponte,F (2393)-Bluebaum,M (2651) Titled Tuesday intern op1 3rd March   blitz 2020 (3)}) ({RR} 5. Nf3 Re8 6. Be2 c6 7. O-O h6 8. a3 Bxc3 9. bxc3 d5 10. cxd5 cxd5 11. exd5 Nxd5 12. Bb2 Nf4 13. Re1 Nxe2+ 14. Qxe2 Nc6 15. h3 Bf5 16. Rad1 Qb6 17. Rb1 Rad8 18. Red1 e4 19. dxe4 Rxe4 {0-1 Sylvan,J (2325)-Kistrup,N (2319) Danish Blitz 2023 (9.1)}) 5... Bxc3+ $146 ({RR} 5... d5 6. cxd5 c6 7. fxe5 Ng4 8. Nf3 cxd5 9. exd5 Qxd5 10. d4 Nc6 11. Be2 Rd8 12. O-O Bxc3 13. bxc3 Ngxe5 14. Qa4 Qe4 15. Nxe5 Nxe5 16. Bg5 Bd7 17. Bb5 Bxb5 18. Qxb5 Rd5 19. Qb3 Nd3 20. Qxb7 {1-0 Santasiere,A-Seidman,H New York-ch Santasiere-Seidman 1946 (2)}) ({RR} 5... exf4 6. Bxf4 h6 7. Qb3 Nc6 8. O-O-O a5 9. Nf3 d6 10. h3 Bd7 11. g4 a4 12. Qc2 Nh7 13. Be2 a3 14. b3 Be6 15. d4 Ba5 16. Rhg1 Nb4 17. Qb1 f6 18. h4 Na6 19. Bd2 Bf7 20. Rg3 {0-1 Jahr,P-Dolinski,P POL-chT4 Kujawsko Pomorskie 0708 2007 (3.29)}) 6. bxc3 exf4 7. Bxf4 d6 8. Nf3 Nc6 9. Be2 Bg4 10. Bg5 Bxf3 11. Bxf3 Ne5 12. O-O Qe7 13. Rb1 Rab8 14. Be2 Ned7 15. Bg4 Qe5 16. Rf5 Qxc3 17. Bh3 Rfe8 18. Qe2 Re5 19. Rbf1 Rxf5 20. Rxf5 Re8 21. Rf1 Re5 22. Bc1 Nc5 23. Rd1 d5 24. Bb2 1-0

[Event "Olympiad Women 2024"]
[Site "Budapest HUN"]
[Date "2024.09.14"]
[Round "4.69"]
[Board "3"]
[White "Joshi, Aditi Narayan"]
[Black "Denning, Julie L"]
[Result "1-0"]
[WhiteElo "1546"]
[BlackElo "1741"]
[PlyCount "71"]
[EventDate "2024.09.11"]
[WhiteTeam "Guyana"]
[BlackTeam "Guernsey"]
[WhiteTeamCountry "GUY"]

1. d4 d5 2. c4 e6 3. Nf3 Nf6 4. Bg5 Nbd7 5. e3 c6 6. Nc3 Qa5 7. Nd2 Bb4 8. Qc2 dxc4 9. Bxf6 Nxf6 10. Bxc4 O-O 11. O-O Qh5 ({RR} 11... e5 12. a3 Be7 13. Rfe1 exd4 14. exd4 Bd6 15. h3 Bf5 16. Nb3 Bxc2 17. Nxa5 Rab8 18. d5 Bc7 19. b4 b5 20. Ba2 Bxa5 21. bxa5 c5 22. Rac1 Bd3 23. Rcd1 c4 24. Bb1 Bxb1 25. Rxb1 a6 26. Red1 {½-½ Bui,V (2463)-Sarakauskas,G (2428) Budapest FS11 GM 2003 (3)}) ({RR} 11... Qc7 12. a3 Bd6 13. Nf3 b6 14. e4 e5 15. d5 cxd5 16. Nb5 Qxc4 17. Qxc4 dxc4 18. Nxd6 Rd8 19. Nxc4 Nxe4 20. Ncxe5 Be6 21. Rac1 Nc5 22. b4 Nd3 23. Rc7 Nxe5 24. Nxe5 f6 25. Nc6 Rd7 26. Rxd7 {½-½ Fanos,H (1872)-Sivanandan,B (2088) Reykjavik Open 2024 (2.69)}) 12. Nde4 Qg6 $146 ({RR} 12... Ng4 13. h3 Nh6 14. Qe2 Qxe2 15. Nxe2 Nf5 16. Nf4 Be7 17. Nd3 Nd6 18. Nxd6 Bxd6 19. Rfd1 b6 20. Rac1 Bb7 21. Rd2 Rac8 22. Rdc2 Rc7 23. a3 Rfc8 24. b4 Kf8 25. Rc3 Ke7 26. Bb3 f6 27. Bd1 {½-½ Slagle,J-Labin,J IBCA blind Olympiad 05th 1976 (4.4)}) 13. Nxf6+ Qxf6 14. Bd3 Qh6 15. e4 Rd8 16. Ne2 Ba5 17. Rad1 Bc7 18. f4 Bd6 19. Rf3 Be7 20. Rh3 Bh4 21. g3 e5 22. Rxh4 Qf6 23. dxe5 Qe7 24. Bc4 Re8 25. Nd4 g6 26. Nf3 Kg7 27. Ng5 Qc5+ 28. Kg2 h5 29. Qc3 Bg4 30. Rd6 Re7 31. Rxg4 hxg4 32. Bxf7 Qxc3 33. Rxg6+ Kh8 34. bxc3 Rf8 35. Rh6+ Kg7 36. Rh7# 1-0

[Event "Olympiad Women 2024"]
[Site "Budapest HUN"]
[Date "2024.09.14"]
[Round "4.70"]
[Board "1"]
[White "Kaslan, Victoria"]
[Black "Ahmed, Najla"]
[Result "1-0"]
[WhiteElo "1726"]
[BlackElo "1539"]
[PlyCount "61"]
[EventDate "2024.09.11"]
[WhiteTeam "Suriname"]
[BlackTeam "Bahrain"]
[WhiteTeamCountry "SUR"]
[BlackTeamCountry "BHN"]

1. e4 c6 2. d4 d5 3. Nd2 dxe4 4. Nxe4 Nf6 5. Nxf6+ exf6 6. c3 Bd6 7. Bd3 O-O 8. Ne2 Na6 ({RR} 8... Nd7 9. Qc2 h6 10. O-O Re8 11. Be3 Nf8 12. Rfe1 Bg4 13. h3 Bh5 14. Nf4 Bxf4 15. Bxf4 Bg6 16. Be3 Qa5 17. a4 Qh5 18. Rad1 Rad8 19. b4 Bxd3 20. Qxd3 Ng6 21. b5 f5 22. f3 Nh4 23. Bf4 {1-0 Swiercz,D (2654)-Zvjaginsev,V (2659) FIDE World Cup 2013 (1.4)}) 9. Qc2 ({RR} 9. O-O Nc7 10. Bf4 Bg4 11. f3 Bh5 12. Bxd6 Qxd6 13. Ng3 Bg6 14. Ne4 Qd7 15. Nc5 Qc8 16. Bxg6 hxg6 17. Re1 b6 18. Ne4 f5 19. Nd6 Qd7 20. Nc4 f6 21. Qb3 Nd5 22. Ne3 f4 23. Nxd5 cxd5 {1-0 Rohwer,P (2225)-Bold,A (2218) Titled Tue 16th Apr Early 2024 (8)}) 9... h6 10. Be3 Nc7 11. c4 $146 ({RR} 11. O-O Nd5 12. Bd2 Qc7 13. Ng3 Re8 14. Rfe1 Be6 15. a3 b5 16. a4 a6 17. Kh1 Nf4 18. Be4 Nd5 19. Bf3 Rad8 20. axb5 axb5 21. Ne4 Bf8 22. b4 Nb6 23. Nc5 Bxc5 24. bxc5 Nc4 25. Ra6 Bd7 {0-1 Wikar,M (2168)-Jagodzinski,P (2145) EU-ch Blitz Katowice 2021 (10)}) 11... Bb4+ 12. Nc3 Re8 13. O-O Bf8 14. Rad1 Na6 15. a3 Bd7 16. d5 Qc7 17. b4 Nb8 18. c5 Bg4 19. Rd2 Nd7 20. d6 Qd8 21. h3 Be6 22. Rdd1 g6 23. Bxg6 fxg6 24. Qxg6+ Kh8 25. Qh5 Bg7 26. Bxh6 Bxh6 27. Qxh6+ Kg8 28. Rd3 Kf7 29. Qh7+ Kf8 30. Rg3 Re7 31. Qh8+ 1-0

[Event "Olympiad Women 2024"]
[Site "Budapest HUN"]
[Date "2024.09.14"]
[Round "4.70"]
[Board "2"]
[White "Almusawi, Maram"]
[Black "Kaslan, Alexandra"]
[Result "0-1"]
[WhiteElo "1510"]
[BlackElo "1675"]
[PlyCount "132"]
[EventDate "2024.09.11"]
[WhiteTeam "Bahrain"]
[BlackTeam "Suriname"]
[WhiteTeamCountry "BHN"]
[BlackTeamCountry "SUR"]

1. d4 Nf6 2. c4 e6 3. Nc3 Bb4 4. Bd2 b6 5. f3 Nh5 ({RR} 5... c5 6. d5 exd5 7. cxd5 O-O 8. e4 Re8 9. Nge2 Ba6 10. Ng3 Bxf1 11. Kxf1 g6 12. a3 Bxc3 13. Bxc3 d6 14. Qd2 Nbd7 15. Qh6 b5 16. h4 Ne5 17. Rh3 b4 18. axb4 cxb4 19. Bd4 Qc8 20. Nf5 {1-0 Braun,A (2581)-Abasov,N (2632) CRO-chT1A 27th 2018 (6.51)}) ({RR} 5... Bb7 6. e4 d6 7. Bd3 O-O 8. Nge2 Nbd7 9. O-O e5 10. a3 Bxc3 11. Bxc3 exd4 12. Nxd4 a5 13. Qe1 a4 14. Nf5 Nc5 15. Rd1 Bc8 16. Nxg7 Kxg7 17. Qg3+ Kh8 18. e5 dxe5 19. Qxe5 Ncd7 20. Qf5 {1-0 Alfaro,W (2137)-Saim,M (2169) Titled Tue 6th Aug Early 2024 (9)}) 6. Nh3 Qh4+ 7. Nf2 Qxd4 8. e3 $146 ({RR} 8. Qb3 Nc6 9. Nfe4 Nf6 10. a3 Nxe4 11. Nxe4 Bxd2+ 12. Nxd2 Na5 13. Qc2 O-O 14. O-O-O Qe3 15. Kb1 d5 16. g4 c5 17. cxd5 exd5 18. b4 Nc6 19. Nb3 c4 20. b5 cxb3 21. Qxc6 Be6 22. Rd3 Qf2 {0-1 Behrens,K (1898)-Jaracz,P (2538) Erbendorf op 2009 (1)}) 8... Qh4 9. Bd3 Qd8 10. O-O O-O 11. Qc2 f5 12. a3 Bd6 13. Nb5 Be7 14. e4 a6 15. Nc3 g6 16. exf5 exf5 17. Nd5 d6 18. Nxe7+ Qxe7 19. Rfe1 Qd7 20. Re2 Re8 21. Rxe8+ Qxe8 22. Re1 Qd7 23. b4 Nc6 24. c5 d5 25. Nh3 Bb7 26. cxb6 cxb6 27. Qb3 Rd8 28. Bg5 Rc8 29. Qb2 Re8 30. Rd1 Ne5 31. Bf1 Qf7 32. b5 a5 33. Qb3 Qe6 34. Nf4 Nxf4 35. Bxf4 Nd7 36. Bg3 Qe3+ 37. Qxe3 Rxe3 38. Rd3 Rxd3 39. Bxd3 Kf7 40. Kf2 Ke6 41. Bc7 d4 42. Ke2 Kd5 43. Kd2 Kc5 44. Kc2 Bd5 45. Be2 Nf8 46. g3 Ne6 47. Be5 Ng5 48. Bf6 Bxf3 49. Bd3 Ne6 50. Kb3 Bd1+ 51. Kb2 Ba4 52. Be7+ Kd5 53. Kc1 Nc5 54. Be2 Ne6 55. Kb2 g5 56. Bd3 f4 57. gxf4 gxf4 58. Bxh7 Bxb5 59. Bc2 Be2 60. Kc1 f3 61. Bh4 Kc4 62. Kd2 Nf4 63. Bg3 Nh5 64. Bf2 b5 65. h4 b4 66. axb4 axb4 0-1

[Event "Olympiad Women 2024"]
[Site "Budapest HUN"]
[Date "2024.09.14"]
[Round "4.70"]
[Board "3"]
[White "Wu, Elise"]
[Black "Sharaf, Hawra"]
[Result "1-0"]
[WhiteElo "1595"]
[BlackElo "1595"]
[PlyCount "71"]
[EventDate "2024.09.11"]
[WhiteTeam "Suriname"]
[BlackTeam "Bahrain"]
[WhiteTeamCountry "SUR"]
[BlackTeamCountry "BHN"]

1. e4 c6 2. d4 d5 3. exd5 cxd5 4. Nf3 Nf6 5. Bd3 Bg4 6. h3 Bd7 ({RR} 6... Bh5 7. c3 e6 8. Qa4+ Nbd7 9. Ne5 a6 10. Bf4 Bg6 11. Nxg6 hxg6 12. Nd2 Be7 13. Nf3 O-O 14. Qc2 b5 15. O-O Nb6 16. Ne5 Bd6 17. Bg5 Qc7 18. Qe2 Nc4 19. Rae1 Bxe5 20. dxe5 Nd7 21. f4 {½-½ Indjic,A (2391)-Meng,R (2289) EU-ch U16 Albena 2011 (3)}) ({RR} 6... Bxf3 7. Qxf3 g6 8. c3 Bg7 9. Bf4 Nbd7 10. O-O O-O 11. Nd2 Nb6 12. Bc2 Rc8 13. Bb3 e6 14. Rfe1 Nh5 15. Bh2 Bh6 16. Rad1 Qf6 17. Qxf6 Nxf6 18. Be5 Bxd2 19. Rxd2 Nh5 20. Bd6 Rfe8 21. Bc5 {½-½ Palotas,K (1900)-Dani,F (1742) HUN-chT2 Asztalos 1213 2012 (6.10)}) 7. O-O Nc6 8. c3 g6 $146 ({RR} 8... h6 9. Bf4 g5 10. Be5 g4 11. hxg4 Bxg4 12. Bxf6 exf6 13. Re1+ Be7 14. Nbd2 Kf8 15. Qc2 Qd7 16. Nh4 Rg8 17. f3 Be6 18. b4 Rc8 19. Qa4 f5 20. b5 Nd8 21. Nxf5 Bxf5 22. Rxe7 Kxe7 23. Qb4+ {0-1 Letyagin,B (1819)-Chernoev,Y (1949) Novosibirsk Sukharev Memorial Seniors 2009 (8)}) 9. Bf4 Bg7 10. Nbd2 O-O 11. Re1 Re8 12. Ne5 e6 13. Ndf3 Ne7 14. Qb3 Bc6 15. Ng5 Rf8 16. Qa3 Nh5 17. Bh2 Nf5 18. Ngxf7 Rxf7 19. Nxf7 Kxf7 20. g4 Nh4 21. gxh5 Qg5+ 22. Bg3 Nf3+ 23. Kh1 Qxh5 24. Kg2 Nxe1+ 25. Rxe1 Rf8 26. Be2 Qg5 27. Bg4 Kg8 28. Bxe6+ Kh8 29. h4 Qf6 30. Bg4 h5 31. Re6 Qf7 32. Re7 Qf6 33. Bh3 Qf3+ 34. Kh2 Bf6 35. Re3 Qd1 36. Qxf8+ 1-0